Living doctrines of the New Testament. (Record no. 5003)

000 -LEADER
fixed length control field 00646nam a2200193 a 4500
001 - CONTROL NUMBER
control field :::00002744$&:&@@
003 - CONTROL NUMBER IDENTIFIER
control field OkBaRHE
005 - DATE AND TIME OF LATEST TRANSACTION
control field 20100401122052.0
008 - FIXED-LENGTH DATA ELEMENTS--GENERAL INFORMATION
fixed length control field s1972 j 000 0 eng u
040 ## - CATALOGING SOURCE
Transcribing agency
100 1# - MAIN ENTRY--PERSONAL NAME
Personal name McDonald, H. D. (Hugh Dermot).
245 10 - TITLE STATEMENT
Title Living doctrines of the New Testament.
260 ## - PUBLICATION, DISTRIBUTION, ETC. (IMPRINT)
Place of publication, distribution, etc Grand Rapids, MI., :
Name of publisher, distributor, etc Zondervan Publishing House
Date of publication, distribution, etc 1972
300 ## - PHYSICAL DESCRIPTION
Extent 319 p. ;
Dimensions 21 cm.
490 0# - SERIES STATEMENT
Series statement Contemporary evangelical perspectives.
650 ## - SUBJECT ADDED ENTRY--TOPICAL TERM
Topical term or geographic name as entry element Bible New Testament
General subdivision Theology
942 ## - ADDED ENTRY ELEMENTS (KOHA)
Source of classification or shelving scheme
Koha item type Books
Copies
Lost status Permanent Location Copy number Full call number Barcode Price effective from Withdrawn status Damaged status Date acquired Date last seen Shelving location Koha item type Source of classification or shelving scheme Not for loan
 RHEMA Bible Training College1BS 2397 .M3 197227442010-04-14  2010-04-142018-03-16General StacksBooks